| 000 | 005130000a22001690004500 | ||
|---|---|---|---|
| 090 |
_aAR _b01468 |
||
| 245 | 1 | 0 | _aPollination by lemurs and marsupials: an archaic coevolutionary system |
| 650 | 1 | 4 |
_aEvolución _992797 |
| 650 | 1 | 4 |
_aEcología de comunidades _93558 |
| 650 | 1 | 4 |
_aDispersión de semillas _992588 |
| 651 | 4 |
_pMadagascar _992749 |
|
| 041 | 0 | _aInglés | |
| 700 | 1 |
_aRaven, Peter H. _914933 |
|
| 100 | 1 |
_aJanzen, Daniel H. _93808 |
|
| 942 | _cARTICULO | ||
| 773 | 1 |
_tScience _3685 _h4343 _q731-736 _d1978 _g200 |
|
| 999 |
_c10552 _d10552 |
||